| 000 | 01519nab a2200253 i 4500 | ||
|---|---|---|---|
| 001 | 768714001 | ||
| 003 | CO-MdFUSB | ||
| 005 | 20240520100457.0 | ||
| 008 | 240520t1972 sp ||||| |||| 00| 0 spa d | ||
| 040 |
_bspa _cCO-MdFUSB _dCO-MdFUSB |
||
| 041 | _aspa | ||
| 100 |
_aSloyan, Gerard S., _d1919- _eautor |
||
| 245 |
_aMotivos bíblicos y patrísticos a favor del celibato de los ministros de la Iglesia _c/ Gerard Sloyan ; traducido por Julio Alonso Asenjo |
||
| 520 | _aEn el Antiguo Testamento se ordena a los sacerdotes israelitas abstenerse de relaciones sexuales durante cierto tiempo anterior a la prestación de su servicio; el mismo tabú se prescribe a los participantes en la guerra santa. La influencia de esta legislación fue decisiva para el desarrollo del celibato de los ministros cristianos. Pedro Lombardo establece un vínculo de continuidad entre el sacerdocio aarónico y el sacerdocio cristiano. El continuador del Aquinate hace lo mismo. Pero esta tradición no es primitiva; brota no más allá del siglo III. | ||
| 630 | 0 | 7 |
_aBiblia. _pNuevo Testamento |
| 630 | 0 | 7 |
_aBiblia. _pAntiguo Testamento |
| 653 | _aDerecho canónico. | ||
| 653 | _aCelibato | ||
| 653 | _aMinisterio | ||
| 700 |
_aAlonso Asenjo, Julio, _etraductor |
||
| 773 | 0 |
_049450 _982646 _oR2568 _tRevista internacional de teología Concilium _w(CO-MdFUSB)8 _x0210-1041 _gNúmero 78, (septiembre - octubre, 1972), páginas: 169 -186 _qpágina: 186 |
|
| 942 | _cANA | ||
| 945 | _aCatherine Arias Alvarez - Practicante SENA | ||
| 999 |
_c69780 _d69780 |
||